1626 1590 1098 1939 1555 1883 1991 1442 1375 1754 1727 1663 1439 1872 1849 1340 1044 1628 1025 1908 1321 1957 1320 1778 1680 1500 1151 1960 1315 1231 1263 1639 1502 1450 1833 1109 1148 1466 1464 1163 1776 1551 1826 1518 1342 1305 1320 1912 1210 1351 1720 1197 1526 1335 1908 1133 1161 1611 1194 1127 1878 1141 1376 1020 1414 1629 1832 1001 1490 1347 1835 1080 1164 1983 1819 1895 1542 1894 1088 1504 1286 1637 1960 1476 1974 1847 1303 1805 1617 1827 1897 1132 1757 1358 1941 1348 1996 1345 1622 BCNSPRNW ULIB Ver.6.0+V

เปลี่ยนเป็นภาษาไทย

Change to English
 แสดงรายละเอียดบรรณานุกรม
  กลับหน้าหลัก

Brief Record : Get Marc (ISO 2709) : E-mail record : QR code < ปิดหน้าต่าง
LEADER : 00000nam 2200000uu 4500
001    13399114338
003     ULIB
008    120322s2553||||th 000 0 tha d
020    ^a9786169059103
090    ^aนว.^bก531ร
100 0  ^aการะเกตุ
245 00 ^aร้อนไฟรัก/^cการะเกตุ
250    ^aพิมพ์ครั้งที่ 1
260    ^aกรุงเทพฯ :^bมายเลิฟ,^c2553
300    ^a288 หน้า
710 1  ^aมายเลิฟ
945    ^p240^l0^i16660
995    ^aกัณชพร
999    ^aใช้งานได้ทุกระบบ
รายการนี้ยังไม่มีแท็ก
คุณยังไม่ได้ล็อกอิน คุณสามารถมีกิจกรรมร่วมกับเว็บไซต์ได้ แต่ต้องล็อกอินก่อน ::
  ล็อกอิน

รายการสื่อสารสนเทศ

ลำดับที่ ประเภท เลขเรียก/บาร์โค้ด สถานที่ สถานะ
1. นวนิยาย
นวนิยาย
นว. ก531ร  
  Barcode: 16660
ห้องสมุดวิทยาเขตสวรรค์ประชารักษ์
►นวนิยาย
ถูกยืม กำหนดส่งวันที่ 16 ธันวาคม 2559
  จอง

BibComment


ยังไม่เคยถูกคอมเมนท์

คอมเมนท์ทรัพยากรรายการนี้
  คอมเมนท์: ร้อนไฟรัก การะเกตุ


 Copyright 2026. Bcnsprnw @Library